Probiotics in Treatment of Ulcerative Colitis

Bibliographic Details
Main Author: Solovyeva O. I. (Author)
Format: Article
Language:English

MARC

LEADER 00000naa a2200000uu 4500
001 vtls011050801
003 SK-MaSNL
005 20260302113402.0
008 210904|2012 xo |||||||||||||||||eng|
015 |a SNBRA 
035 |a (urnnbn)urn:nbn:sk:snk:ar-0097un 
035 |a (uuid)66c9db8c-05fd-4677-b943-093967bc0dff 
035 |a urn:nbn:sk:snk-aav1av 
040 |a SNKBUCL  |b slo  |c SNKBUCL  |e AACR2 
041 0 |a eng 
044 |a xo  |c SK 
100 1 |a Solovyeva O. I.  |4 aut  |9 793835 
245 1 0 |a Probiotics in Treatment of Ulcerative Colitis  |c Solovyeva O. I. 
773 0 |t International Scientific Conference on Probiotics and Prebiotics IPC 2012 : proceedings : June 12th-14th 2012, Kosice, Slovakia  |d Košice : Pamida International, 2012, 2012  |g S. 95-96  |z 9788089589036 
958 |a OND 
958 |a article12 
958 |a chapter 
999 |c 1255430  |d 1257360